|
|
|
|
| LEADER |
00000nam a22000007a 4500 |
| 005 |
2011111106246.0 |
| 007 |
cr|||| |||| |
| 008 |
111111s2011 sp |||||s|||| 00||0 spa d |
| 020 |
|
|
|a 978-84-9982-104-7
|
| 035 |
|
|
|a 5885
|
| 040 |
|
|
|a vLex
|
| 090 |
|
|
|c 2766
|d 2766
|
| 100 |
1 |
|
|a Lucas Verd,︢ Pablo
|
| 245 |
1 |
0 |
|a Materiales para un museo de antigüedades y curiosidades constitucionales
|h [Recurso electrn̤ico] /
|c Pablo Lucas Verd ︢
|
| 256 |
|
|
|a Servicio en ln̕ea
|
| 260 |
|
|
|a Madrid :
|b Dykinson,
|c 2011
|
| 300 |
|
|
|a 1 recurso electrn̤ico
|
| 490 |
0 |
|
|a Coleccin̤ Dykinson-Constitucional
|
| 500 |
|
|
|a ¿Por qu ̌y para que sirve lo que llamo Museo de antigüedades y curiosidades constitucionales? Los modelos normativos e institucionales transmiten a las nuevas generaciones un caudal de conocimientos, de sensaciones. Suscitan reflexiones que invitan a conservarlos e, incluso, imitarlos.
|
| 506 |
1 |
|
|a Contenido solo disponible en los productos indicados
|d vLex Global
|d vLex Global (Academic Edition, excluding Law Schools)
|d vLex Global (U.S. Academic Edition, Law Schools)
|d vLex Global (U.S. Academic Edition, excluding Law Schools)
|d vLex Global (Academic Edition, Law Schools)
|
| 650 |
0 |
4 |
|a Derecho constitucional
|
| 740 |
0 |
|
|a vLex Libros (Servicio en ln̕ea)
|
| 856 |
4 |
0 |
|u http://vlex.com/source/materiales-museo-antiguedades-curiosidades-constitucionales-5885
|z Acceso restringido
|
| 942 |
|
|
|c BOOK
|